000 00897nam0a22002891 4500
001 v19\rc\1896145
005 20251118180510.1
035 _a(NLR Aleph) 004989945
090 _a6275250
_c6275250
100 _a20080221d1911 u y0rusy50 ca
101 0 _arus
102 _aRU
105 _ay z |||a|
200 1 _aПесня жизни царя Антары
_e[В стихах]
_fА.Н. Данилевский-Александров
210 _aСанкт-Петербург
_cтип. А.С. Суворина
_d1911
215 _a392 с.
_d21
700 1 _aДанилевский-Александров
_bА.Н.
790 1 _aАлександрова
_bН.
801 0 _aRU
_bNLR
_gpsbo
801 0 _aRU
_bRuMoRGB
_2psbo
801 1 _aRU
_bProSoft-M
_2rusmarc
852 _aNLR
_j37.36.9.31
899 _aRuMoRGB
_jU 69/163
899 _aБАН
899 _aГПИБ
942 _cBOOK
980 _aNB